| 000 | 00437nam a2200145 a 4500 | ||
|---|---|---|---|
| 001 | 1533 | ||
| 003 | CDMR | ||
| 005 | 20130116135212.0 | ||
| 008 | 130130s1991||||||||||||||||||||||||||||d | ||
| 040 |
_aCDMR _bcat _cCDMR |
||
| 100 | 1 |
_aGómez Mompart, Josep Lluís _91072 |
|
| 245 | 1 | 0 | _aHistòria de la Comunicació Social a Espanya i Catalunya |
| 260 |
_aBellaterra _c1991 _bUniv. Autònoma. Facultat de Ciències de la Informació |
||
| 942 | _cMON | ||
| 999 |
_c1533 _d1533 |
||